Normal view
MARC view
- مقالات - يعقوب عادل ناص الدين - الممارسات الإستراتيجية - الإقتصاد - الأردن
Entry Topical Term
001 - CONTROL NUMBER
- control field: 57798
003 - CONTROL NUMBER IDENTIFIER
- control field: JO-AjAnu
005 - DATE AND TIME OF LATEST TRANSACTION
- control field: 20230606083449.0
008 - FIXED-LENGTH DATA ELEMENTS
- fixed length control field: 230606|| aca||aabn | a|a d
040 ## - CATALOGING SOURCE
- Original cataloging agency: JO-AjAnu
- Transcribing agency: JO-AjAnu
150 ## - HEADING--TOPICAL TERM
- Topical term or geographic name entry element: مقالات - يعقوب عادل ناص الدين - الممارسات الإستراتيجية - الإقتصاد - الأردن
670 ## - SOURCE DATA FOUND
- Source citation: Work cat.: (JO-AjAnu)29489: ناصر الدين، يعقوب عادل, author 57797, هكذا أفكر " من وحي معرفتي الأكاديمية وتجربتي العملية " في الممارسات الإستراتيجية